Madinan Society At The Time Of The Prophet / (Record no. 12432)
[ view plain ]
| 000 -LEADER | |
|---|---|
| fixed length control field | 00770nam a2200265 a 4500 |
| 001 - CONTROL NUMBER | |
| JCCL Control Number | 12432 |
| 003 - CONTROL NUMBER IDENTIFIER | |
| JCCL marc code | BD-JhCC |
| 005 - DATE AND TIME OF LATEST TRANSACTION | |
| control field | 20220216090215.0 |
| 008 - FIXED-LENGTH DATA ELEMENTS--GENERAL INFORMATION | |
| fixed length control field | 220216b1992 vau |||| ||a| 001 0 eng d |
| 020 ## - INTERNATIONAL STANDARD BOOK NUMBER | |
| International Standard Book Number | 0912463376 |
| 035 ## - SYSTEM CONTROL NUMBER | |
| system control number | (BD-JhCC)12432 |
| 040 ## - CATALOGING SOURCE | |
| Original cataloging agency | BD-JhCC |
| Modifying agency | BD-JhCC |
| 041 ## - LANGUAGE CODE | |
| Language code of Book | english |
| 082 ## - DEWEY DECIMAL CLASSIFICATION NUMBER | |
| Classification number | 953.021 |
| Author mark and Year | ALU 1992 |
| 100 ## - MAIN ENTRY--PERSONAL NAME | |
| Personal name | Al-Umari, Akram Diya |
| 245 ## - TITLE STATEMENT | |
| Title | Madinan Society At The Time Of The Prophet / |
| Statement of responsibility, etc | Akram Diya Al-Umari, tran: Huda Khattab. |
| 260 ## - PUBLICATION, DISTRIBUTION, ETC. (IMPRINT) | |
| Place of publication, distribution, etc | Herndo: |
| Name of publisher, distributor, etc | International Institute Of Islamic Thought; |
| Date of publication, distribution, etc | 1992. |
| 300 ## - PHYSICAL DESCRIPTION | |
| Pagination | 178 p. : |
| Dimensions | 22 cm. |
| 490 ## - SERIES STATEMENT | |
| Series statement | Issues In Islamic Thought (3): I,II |
| 650 ## - SUBJECT ADDED ENTRY--TOPICAL TERM | |
| Topical term or geographic name as entry element | Islam Methodology |
| 650 ## - SUBJECT ADDED ENTRY--TOPICAL TERM | |
| Topical term or geographic name as entry element | Saudi Arabia -Medina |
| 700 ## - ADDED ENTRY--PERSONAL NAME | |
| Personal name | Khattab,Huda |
| 942 ## - ADDED ENTRY ELEMENTS (KOHA) | |
| Source of classification or shelving scheme | Dewey Decimal Classification |
| Koha item type | Books |
| Source of classification or shelving scheme | volume number | Damaged status | Not for loan | Home library | Current library | Shelving location | Date of accession | Cost, normal purchase price | Total Checkouts | Full call number | Barcode | Date last seen | Copy number | Koha item type |
|---|---|---|---|---|---|---|---|---|---|---|---|---|---|---|
| Dewey Decimal Classification | V-1 | JCC Rouf Library | JCC Rouf Library | General Stacks | 06/01/2021 | 750.00 | 953.021 ALU 1992 | 16667 | 02/16/2022 | C-1 | Books | |||
| Dewey Decimal Classification | V-2 | JCC Rouf Library | JCC Rouf Library | General Stacks | 06/01/2021 | 750.00 | 953.021 ALU 1992 | 16668 | 02/16/2022 | C-1 | Books |